000 00849nam a2200229Ia 4500
001 15875
003 GE_BSU
008 181216s||||||||xx |||||||||||||| ||und||
040 _cGE_BSU
080 _a821.353.1-32
100 _aჭეიშვილი, რეზო
245 _aვაიმე, ჩემო ვენახო
245 _bმოთხრობები
260 _aთბილისი
260 _bმერანი
260 _c1987
300 _a527გვ. ; 20სმ
653 _aვაიმე, ჩემო ვენახო
653 _aვაიმე, ჩემო ვენახო; მეოთხე სიმფონია; კვამლი; ჭა; კომპოზიტორი ჩირიბერიძე და სხვ.
653 _aმოთხრობები
942 _cBK
999 _c48971
_d48971